Ładuje się......

Kooduvitta kili

Opis bibliograficzny
1. autor: Ibsen,Henric
Format: Printed Book
Język:Malayalam
Wydane: Kottayam: Sahithya Pravarthaka Sahakaranasangham: 1992.
LEADER 00450nam a2200121Ia 4500
008 170510b xxu||||| |||| 00| 0 mal d
100 |a Ibsen,Henric 
245 |a Kooduvitta kili  |c /Ibsen 
260 |b Sahithya Pravarthaka Sahakaranasangham:  |a Kottayam:  |c 1992. 
300 |a 155p. 
942 |c BK  |2 ddc 
999 |c 212558  |d 212558 
952 |0 0  |1 0  |4 0  |6 822I1_KOO  |7 0  |9 235089  |a MAL  |b MAL  |c ST1  |d 1972-07-26  |g 27.00  |l 1  |o 822I1 KOO  |p MAL23287  |r 2013-10-04  |s 2013-02-22  |v 27.00  |w 2018-08-20  |y BK